Szczegóły MARC21

Zarys anatomii człowieka /

003 -Nazwa inst., której nr kontr. jest w polu 001 [,]
    • @
    • Nazwa instytucji, której n kontrolny jest w polu 001
    • NUKAT
005 -DATA I CZAS OSTATNIEJ MODYFIKACJI [,]
    • @
    • pole kontrolne
    • 20241231090130.0
020 -Międzynarod. znormalizowany nr książki - ISBN [ , ]
    • a
    • Numer ISBN
    • 9788320058253 Find
    • q
    • Dopowiedzenie
    • oprawa miękka
020 -Międzynarod. znormalizowany nr książki - ISBN [ , ]
    • a
    • Numer ISBN
    • 9788320058833 Find
    • q
    • Dopowiedzenie
    • oprawa twarda
040 -Instytucja sporządzająca opis [ , ]
    • a
    • Instytucja, która sporządziła opis (NP)
    • WR 037/MK
    • b
    • Język katalogowania
    • pol
    • e
    • Zasady katalogowania
    • rda
    • c
    • Instytucja, która sporządziła rekord (NP)
    • WR 037/MK
    • d
    • Instytucja, która zmodyfikowała rekord (P)
    • WR 037/MK
    • d
    • Instytucja, która zmodyfikowała rekord (P)
    • LUBL U/WAGs
    • d
    • Instytucja, która zmodyfikowała rekord (P)
    • WA 392/MD
942 -Rodzaj dokumentu [ , ]
    • c
    • Rodzaj dokumentu
    • Książka
100 -Hasło główne - nazwa osobowa [1, ]
    • a
    • Nazwa osobowa (NP)
    • Krechowiecki, Adam
    • d
    • Daty biograficzne (NP)
    • (1913-1991).
    • e
    • Rodzaj współpracy
    • Autor
    • 9
    • KHW
    • 98585
245 -Strefa tytułu i oznaczenia odpowiedzialności [1,0]
    • a
    • Tytuł
    • Zarys anatomii człowieka / Find
    • c
    • Pozostałe elementy strefy tytułu i oznaczenia odpowiedzialności (NP)
    • Adam Krechowiecki, Florian Czerwiński.
250 -Strefa wydania [ , ]
    • a
    • Oznaczenie wydania (NP)
    • Wydanie IX uaktualnione.
260 -Strefa adresu wydawniczego [ , ]
    • a
    • Miejsce wydania (P)
    • Warszawa :
    • b
    • Nazwa wydawcy (P)
    • PZWL Wydawnictwo Lekarskie,
    • c
    • Data wydania (P)
    • 2019.
300 -Strefa opisu fizycznego [ , ]
    • a
    • Określenie formy książki i/lub objętość (NP)
    • XIII, 878 stron, [6] kart tablic :
    • b
    • Oznaczenie ilustracji (NP)
    • ilustracje (w tym kolorowe) ;
    • c
    • Format (NP)
    • 24 cm.
336 -Typ zawartości [ , ]
    • a
    • Termin opisujący typ zawartości
    • Tekst
    • b
    • Kod określający zawartość
    • txt
    • 2
    • Źródło (terminu i kodu)
    • rdacontent
337 -Typ mediów [ , ]
    • a
    • Tryb odtwarzania
    • Bez urządzenia pośredniczącego
    • b
    • Kod typu mediów
    • n
    • 2
    • Źródło (terminu i kodu)
    • rdamedia
338 -Typ/rodzaj nośnika [ , ]
    • a
    • Hasło opisujące typ nośnika
    • Wolumin
    • b
    • Kod typu nośnika
    • nc
    • 2
    • Źródło (terminu i kodu)
    • rdacarrier
504 -Uwaga dot. bibliogr. załącznikowej [ , ]
    • a
    • Uwaga dot. bibliografii załącznikowej
    • Indeks.
650 -Hasło przedmiotowe [ ,7]
    • a
    • Hasło przedmiotowe
    • Anatomia człowieka
    • v
    • Określnik formalny
    • podręczniki akademickie.
    • 2
    • Źródło terminu
    • kaba
    • 9
    • KHW
    • 354230
650 -Hasło przedmiotowe [ ,7]
    • a
    • Hasło przedmiotowe
    • Medycyna
    • v
    • Określnik formalny
    • podręczniki akademickie.
    • 2
    • Źródło terminu
    • kaba
    • 9
    • KHW
    • 579170
650 -Hasło przedmiotowe [ ,7]
    • a
    • Hasło przedmiotowe
    • Nerwy
    • x
    • Określnik rzeczowy
    • fizjologia.
    • 2
    • Źródło terminu
    • kaba
    • 9
    • KHW
    • 599126
650 -Hasło przedmiotowe [ ,7]
    • a
    • Hasło przedmiotowe
    • Narządy.
    • 2
    • Źródło terminu
    • kaba
    • 9
    • KHW
    • 120589
650 -Hasło przedmiotowe [ ,7]
    • a
    • Hasło przedmiotowe
    • Szkielet ludzki
    • x
    • Określnik rzeczowy
    • anatomia.
    • 2
    • Źródło terminu
    • kaba
    • 9
    • KHW
    • 448607
650 -Hasło przedmiotowe [ ,7]
    • a
    • Hasło przedmiotowe
    • Mięśnie
    • x
    • Określnik rzeczowy
    • anatomia.
    • 2
    • Źródło terminu
    • kaba
    • 9
    • KHW
    • 367852
700 -Hasło dodatkowe - nazwa osobowa [1, ]
    • a
    • Nazwa osobowa (NP)
    • Czerwiński, Florian Find
    • d
    • Daty biograficzne (NP)
    • (1940- ).
    • e
    • Określenie rodzaju współpracy
    • Autor
    • 9
    • KHW
    • 438695
710 -Hasło dodatkowe - nazwa ciała zbiorowego [2, ]
    • a
    • Nazwa ciała zbiorowego lub nazwa geograficzna jako pierwszy element (NP)
    • Wydawnictwo Lekarskie PZWL.
    • e
    • Rodzaj współpracy
    • Wydawca
    • 4
    • Kod relacji
    • pbl
    • 9
    • KHW
    • 57488
920 -ISBN [ , ]
    • a
    • ISBN
    • 978-83-200-5825-3 Find
    • q
    • Dopowiedzenie
    • oprawa miękka
920 -ISBN [ , ]
    • a
    • ISBN
    • 978-83-200-5883-3 Find
    • q
    • Dopowiedzenie
    • oprawa twarda
Status udost. Sygnatura Data inwentaryzacji Lokalizacja Numer inwentarzowy
1Anatomia - podręczniki 162021-06-10BMWF.10794